Missing Word: Jack of All Fictions Quiz Stats

 Plays Quiz Updated May 5, 2012

Support Sporcle.
Go Orange.
Score 0/14 Timer 03:00
0 Plays Today
Hint Answer % Correct
________ of the CaribbeanPirates
97.8%
Will & ________Grace
90.9%
Jack and the ________Beanstalk
89.7%
30 ________Rock
87.1%
Lord of the ________Flies
87%
The ________ for Red OctoberHunt
86.4%
The ________ Before ChristmasNightmare
82.1%
Hint Answer % Correct
The Young and the ________Restless
81.8%
Without a ________Trace
74.6%
________ CompanyThree's
73.6%
________ MountainBrokeback
62.8%
________ and CommanderMaster
57.4%
Working ________Girl
55.8%
Man and ________Superman
8.6%

Today's Daily Dose

Missing Word
'80s Musicals

Word Ladder
Hereditary

Get the Picture
Food Names

From the Vault

Same Named Celebrities by Picture II

by qlh27

We could have sworn some of these celebrities were actually related.
Remove Ads.
Support Sporcle.
Get the best of Sporcle when you Go Orange. This ad-free experience offers more features, more stats, and more fun while also helping to support Sporcle. Thank you for becoming a member.

Show Comments

Extras

Top Quizzes Today


Score Distribution

Your Account Isn't Verified!

In order to create a playlist on Sporcle, you need to verify the email address you used during registration. Go to your Sporcle Settings to finish the process.

Report this User

Report this user for behavior that violates our Community Guidelines.

Details: